000 01063nam a2200289 i 4500
003 DO-SdBNP
005 20260428122630.0
006 a||||gr|||| 00| 0
007 ta
008 240206e2016 dr aoc|| |||| 00| 0 spa d
040 _aDO-SdBNP
_bspa
_cBNPHU
_erda
082 4 _aC957r
_bxxx
_222
100 1 _aCruz, Héctor J.,
_eautor
_4aut.
_945957
245 1 0 _aRepública Dominicana en los juegos olímpicos :
_b1964 - 2012
264 1 _a[Santo Domingo] :
_bEditora Amigo del Hogar,
_c2016.
300 _a149 páginas :
_bIlustraciones, fotografías, retratos ;
_c28 cm.
336 _atexto
_btxt
_2rdacontent
337 _asin mediación
_bn
_2rdamedia
338 _avolumen
_bnc
_2rdacarrier
490 _aColección Olímpica
590 _aInventariado 2024 / MF
650 0 _aJuegos olímpicos
_zRepública Dominicana
_946134
650 4 _aDeportes
_zRepública Dominicana
_xHistoria
_y1964-2912
_981882
710 1 _aRepública Dominicana.
_bMinisterio de Educación Cultura y Deporte.
_960914
710 1 _aLiga Municipal Dominicana
_964830
942 _2ddc
_cLBS1
999 _c55801
_d55801